COMMERCIAL EXPLOITATION OF INTELLECTUAL PROPERTY (Record no. 29145)

MARC details
000 -LEADER
fixed length control field 00342nam a22001457a 4500
003 - CONTROL NUMBER IDENTIFIER
control field SGT
020 ## - INTERNATIONAL STANDARD BOOK NUMBER
International Standard Book Number 8185200556
082 ## - DEWEY DECIMAL CLASSIFICATION NUMBER
Classification number 346.048
Item number PEA
100 ## - MAIN ENTRY--PERSONAL NAME
Personal name PEARSON HILARY
245 ## - TITLE STATEMENT
Title COMMERCIAL EXPLOITATION OF INTELLECTUAL PROPERTY
250 ## - EDITION STATEMENT
Edition statement 1
260 ## - PUBLICATION, DISTRIBUTION, ETC. (IMPRINT)
Place of publication, distribution, etc NEW DELHI
Name of publisher, distributor, etc UNIVERSAL BOOK TRADERS
Year of Publication 1994
300 ## - PAGE DESCRIPTION
No. of Pages 464
942 ## - ADDED ENTRY ELEMENTS (KOHA)
Source of classification or shelving scheme Dewey Decimal Classification
Koha item type Books
Holdings
Withdrawn status Lost status Source of classification or shelving scheme Damaged status Not for loan Collection code Home library Current library Shelving location Date acquired Cost, normal purchase price SGTU Total Checkouts Full call number Accession No. (Barcode) Date last seen Bill Date Koha item type
    Dewey Decimal Classification     LAW SGT Science & Social Sciences Library SGT Science & Social Sciences Library Text Book 18/01/2025 290.00 SGTU   346.048 PEA FL3811 18/01/2025 18/01/2025 Books